Obras completas : literarias (Record no. 21806)
[ view plain ]
| 000 -CABECERA | |
|---|---|
| campo de control de longitud fija | 00627cam a22001932a 4500 |
| 001 - NÚMERO DE CONTROL | |
| campo de control | 016048 |
| 003 - IDENTIFICADOR DEL NÚMERO DE CONTROL | |
| campo de control | AR-FADEU |
| 008 - DATOS DE LONGITUD FIJA--INFORMACIÓN GENERAL | |
| campo de control de longitud fija | 311216n1933####xxu####################dd |
| 092 ## - ASIGNACIÓN LOCAL DE SIGNATURA TOPOGRÁFICA DEWEY (OCLC) | |
| Número de clasificación | A868.3 |
| Número de documento/Ítem | W671li |
| 100 ## - ENTRADA PRINCIPAL--NOMBRE DE PERSONA | |
| Nombre de persona | Wilde, Eduardo |
| 245 ## - MENCIÓN DE TÍTULO | |
| Título | Obras completas : literarias |
| 260 ## - PUBLICACIÓN, DISTRIBUCIÓN, ETC. (PIE DE IMPRENTA) | |
| Lugar de publicación, distribución, etc. | Buenos Aires |
| 260 ## - PUBLICACIÓN, DISTRIBUCIÓN, ETC. (PIE DE IMPRENTA) | |
| Nombre del editor, distribuidor, etc. | La Facultad |
| 260 ## - PUBLICACIÓN, DISTRIBUCIÓN, ETC. (PIE DE IMPRENTA) | |
| Fecha de publicación, distribución, etc. | 1933 |
| 300 ## - DESCRIPCIÓN FÍSICA | |
| Extensión | 2 v |
| 500 ## - NOTA GENERAL | |
| Nota general | Segunda parte: vol. 7. inv. 8804. Recuerdos, recuerdos ; Entre la niebla. -- vol. 8. inv. 8803. Articulos de carácter político |
| 650 ## - PUNTO DE ACCESO ADICIONAL DE MATERIA--TÉRMINO DE MATERIA | |
| Término de materia o nombre geográfico como elemento inicial | LITERATURA ARGENTINA-SIGLO XIX; ENSAYO; CARTAS/REVISADO/MEMORIAS; POLITICA ARGENTINA |
| 942 ## - ELEMENTOS DE PUNTO DE ACCESO ADICIONAL (KOHA) | |
| Tipo de ítem Koha | BDGR |
| Estado de retiro | Estado de pérdida | Estado dañado | No para préstamo | Localización permanente | Ubicación/localización actual | Fecha de adquisición | Número de inventario | Total de préstamos | Signatura topográfica completa | Código de barras | Fecha visto por última vez | Precio válido a partir de | Tipo de ítem Koha |
|---|---|---|---|---|---|---|---|---|---|---|---|---|---|
| Biblioteca Ernesto Sabato - FADECS - UNCOMA | Biblioteca Ernesto Sabato - FADECS - UNCOMA | 21/02/2017 | 8803 | A868.3 W671li | 8803 | 21/02/2017 | 21/02/2017 | BDGR | |||||
| Biblioteca Ernesto Sabato - FADECS - UNCOMA | Biblioteca Ernesto Sabato - FADECS - UNCOMA | 21/02/2017 | 8804 | A868.3 W671li | 8804 | 21/02/2017 | 21/02/2017 | BDGR |